| 000 | 00994nam2a2200265 4500 | ||
|---|---|---|---|
| 001 | RU\NLR\BIBL_A\016358616 | ||
| 005 | 20250625053907.0 | ||
| 010 |
_a978-5-7696-6570-7 _91500 |
||
| 035 | _a(NLR Aleph) 016358616 | ||
| 090 |
_a13315391 _c13315391 |
||
| 100 | _a20230428d2022 |||y0rusy50 ca | ||
| 101 | 0 | _asah | |
| 102 | _aRU | ||
| 105 | _ac z 000 y | ||
| 181 | 0 |
_ai _baxxe |
|
| 182 | 0 | _an | |
| 200 | 0 | _aЧ.1 | |
| 203 |
_aТекст _bвизуальный _cнепосредственный |
||
| 210 |
_d2022 _aБ. м. |
||
| 215 |
_a255 с. _cпортр. |
||
| 461 | 0 |
_1001RU\NLR\BIBL_A\016231174 _12001#$aСаха литературата$e11 кылаас$eуопсай үөрэхтээһин тэрилтэлэригэр үөрэнэр кинигэ$fН. И. Филиппова, Г. А. Захарова, С. Г. Олесова, А. Ф. Саввинова$vЧ.1 _1700#1$aФилиппова$bН. И |
|
| 852 |
_aNLR _bОНЛ _jЯкут./3-3362 |
||
| 942 | _cBOOK | ||
| 980 | _aNB | ||